Verfassungspatriotismus : (Titelsatznr. 74119)
[ MARC ]
| 000 -Satzkennung | |
|---|---|
| Kontrollfeld mit fester Länge | 02058nam a22003853i 4500 |
| 001 - Kontrollnummer | |
| Kontrollfeld | EBC31606730 |
| 003 - Kontrollnummer Identifier | |
| Kontrollfeld | MiAaPQ |
| 005 - Datum und Zeit der letzten Transaktion | |
| Kontrollfeld | 20260505130903.0 |
| 007 - Feld mit fester Länge zur physischen Beschreibung - Allgemeine Information | |
| Kontrollfeld mit fester Länge | cr cnu|||||||| |
| 008 - Feld mit fester Länge zur physischen Beschreibung - Allgemeine Angaben | |
| Kontrollfeld mit fester Länge | 260505s2024 xx o ||||0 ger d |
| 020 ## - Internationale Standardbuchnummer | |
| Internationale Standardbuchnummer | 9783863936570 |
| Nähere Angaben | (electronic bk.) |
| 020 ## - Internationale Standardbuchnummer | |
| Gelöschte/ungültige ISBN | 9783863931766 |
| 040 ## - Katalogisierungsquelle | |
| Original-Katalogisierungsstelle | MiAaPQ |
| Katalogisierungssprache | eng |
| Übertragungsstelle | MiAaPQ |
| 100 1# - Haupteintragung - Personenname | |
| Personenname | Augsberg, Steffen. |
| Koha-Normdatenidentnummer | 69097 |
| 245 10 - Titel | |
| Titel | Verfassungspatriotismus : |
| Zusatz zum Titel | Konzept, Kritik, Künftige Relevanz. |
| 250 ## - Ausgabebezeichnung | |
| Ausgabebezeichnung | 1st ed. |
| 264 #1 - Produktion, Veröffentlichung, Distribution, Herstellung und Urheberrechtsvermerk | |
| Herstellungs-, Veröffentlichungs- Vertriebs-, Erzeugungsort | Hamburg : |
| Produzent, Herausgeber, Distributor, Hersteller | CEP Europäische Verlagsanstalt GmbH, |
| Datum der Herstellung, der Veröffentlichung, des Vertriebs oder des Urheberschutzvermerks | 2024. |
| 264 #4 - Produktion, Veröffentlichung, Distribution, Herstellung und Urheberrechtsvermerk | |
| Datum der Herstellung, der Veröffentlichung, des Vertriebs oder des Urheberschutzvermerks | {copy}2024. |
| 300 ## - Physische Beschreibung | |
| Umfang | 1 online resource (232 pages) |
| 336 ## - Inhaltstyp | |
| Inhaltstypterm | Text |
| Inhaltstypcode | txt |
| Quelle | rdacontent |
| 337 ## - Medientyp | |
| Bezeichnung des Medientyps | Computermedien |
| Medientypcode | c |
| Quelle | rdamedia |
| 338 ## - Datenträgertyp | |
| Datenträgertypbezeichnung | Online Resource |
| Datenträgertypcode | cr |
| Quelle | rdacarrier |
| 500 ## - Allgemeine Fußnote | |
| Allgemeine Fußnote | E-Book-ProQuest / Fernzugriff nach Registrierung möglich |
| 520 ## - Fußnote zu Zusammenfassungen usw. | |
| Fußnote zur Zusammenfassung usw. | The book explores the concepts of patriotism and constitutional law, focusing on the German Grundgesetz and its role in shaping national identity. It examines the evolution of patriotism through the perspectives of Dolf Sternberger and Jürgen Habermas, highlighting how traditional ideas have been adapted to fit modern societal needs. The text delves into the interplay between legal frameworks and national identity, discussing the integration of Germany into European and Western contexts. The book is intended for scholars and students interested in political theory, constitutional law, and German history, aiming to provide insights into the relationship between law and identity. |
| -- | Generated by AI. |
| 653 ## - Indexierungsterm - Nicht normiert | |
| Nicht-normierter Term | Patriotism. |
| 653 ## - Indexierungsterm - Nicht normiert | |
| Nicht-normierter Term | Constitutional law. |
| 655 ## - Indexierungsterm - Genre/Form | |
| Genre/Form oder fokussierter Term | Fernzugriff |
| Koha-Normdatenidentnummer | 230 |
| 655 #4 - Indexierungsterm - Genre/Form | |
| Genre/Form oder fokussierter Term | |
| 650 #0 - Nebeneintragung unter einem Schlagwort - Sachschlagwort | |
| -- | Generated by AI. |
| 650 #0 - Nebeneintragung unter einem Schlagwort - Sachschlagwort | |
| -- | Generated by AI. |
| 776 08 - Andere physische Form | |
| Verweisungsphrase | Print version: |
| Haupteintragung | Augsberg, Steffen |
| Titel | Verfassungspatriotismus |
| Ort, Verlag und Erscheinungsjahr | Hamburg : CEP Europäische Verlagsanstalt GmbH,c2024 |
| Internationale Standardbuchnummer | 9783863931766 |
| 856 40 - Elektronische Adresse und Zugriff | |
| URL | <a href="https://ebookcentral.proquest.com/lib/maxweberstiftung-ebooks/detail.action?docID=31606730">https://ebookcentral.proquest.com/lib/maxweberstiftung-ebooks/detail.action?docID=31606730</a> |
| OPAC-Notiz | Volltext |
| 942 ## - Zusätzliche Felder (Koha) | |
| Koha-Medientyp | E-Books |
| Ausgeschieden | Verloren | Klassifikation oder Aufstellungssystematik | Beschädigt | Nicht entleihbar | Heimatbibliothek | Aufenthaltsbibliothek | Aufstellungsort | Erwerbungsdatum | Inventarnummer | Signatur | Barcode | Letzte Aktivität | Preis gültig von | Koha-Medientyp |
|---|---|---|---|---|---|---|---|---|---|---|---|---|---|---|
| Andere/Generische Klassifikation | MWN Osteuropa | MWN Osteuropa | Online-Ressource | 05/05/2026 | 26-e00349 | E-26-e00349 | 77056 | 05/05/2026 | 05/05/2026 | E-Books |